Pricing, distribution and the supply of storage (Registro nro. 26866)
[ vista simple ]
| 000 -LEADER | |
|---|---|
| fixed length control field | 00375 a2200121 4500 |
| 001 - CONTROL NUMBER | |
| control field | ART_13899 |
| 005 - DATE AND TIME OF LATEST TRANSACTION | |
| control field | 20260410161911.0 |
| 008 - FIXED-LENGTH DATA ELEMENTS--GENERAL INFORMATION | |
| fixed length control field | 260409a |
| 100 1# - MAIN ENTRY--PERSONAL NAME | |
| Personal name | Thisse, Jacques-Francois |
| 245 10 - TITLE STATEMENT | |
| Title | Pricing, distribution and the supply of storage |
| 700 1# - ADDED ENTRY--PERSONAL NAME | |
| Personal name | Phlips, Louis |
| 773 0# - HOST ITEM ENTRY | |
| Title | European economic review |
| Related parts | - Vol. 15, Nº 2 (feb. 1981) |
| Record control number | REV13346 |
No hay ítems disponibles.